Skład reprezentacji Polski na Mistrzostwach Świata 1978 - Statystyki

Ogólne statystyki
  • Ten quiz został rozwiązany 15 razy
  • Średni wynik to 11 z 22
Statystyki odpowiedzi
Nazwisko % Poprawnych
Grzegorz Lato
100%
Zbigniew Boniek
100%
Jan Tomaszewski
93%
Kazimierz Deyna
93%
Włodzimierz Lubański
93%
Andrzej Szarmach
86%
Henryk Kasperczak
71%
Adam Nawałka
64%
Jerzy Gorgoń
64%
Władysław Żmuda
64%
Andrzej Iwan
57%
Janusz Kupcewicz
57%
Antoni Szymanowski
43%
Marek Kusto
36%
Zygmunt Kukla
29%
Roman Wójcicki
21%
Wojciech Rudy
21%
Henryk Maculewicz
14%
Włodzimierz Mazur
14%
Bohdan Masztaler
7%
Mirosław Justek
7%
Zdzisław Kostrzewa
7%
Nie znaleziono quizów pasujących do podanych kryteriów
Rozkład punktacji
Procent ludzi z każdym wynikiem
Percentyl według liczby udzielonych odpowiedzi
Twoja historia wyników
Nie rozwiązałeś tego quizu